Transforming Information Security (Record no. 26756)
[ view plain ]
| 000 -LEADER | |
|---|---|
| fixed length control field | 01591 a2200169 4500 |
| 020 ## - INTERNATIONAL STANDARD BOOK NUMBER | |
| ISBN | 9781839099311 |
| 082 ## - DEWEY DECIMAL CLASSIFICATION NUMBER | |
| Classification number | 005.8 |
| Item number | MOR-T |
| 100 ## - MAIN ENTRY--AUTHOR NAME | |
| Personal name | Moriarty, Kathleen M. |
| 245 ## - TITLE STATEMENT | |
| Title | Transforming Information Security |
| Sub Title | : Optimizing Five Concurrent Trends to Reduce Resource Drain |
| 260 ## - PUBLICATION, DISTRIBUTION, ETC. (IMPRINT) | |
| Name of publisher | Emerald Publishing Limited |
| Year of publication | 2020 |
| 300 ## - PHYSICAL DESCRIPTION | |
| Number of Pages | 214, pp |
| 520 ## - SUMMARY, ETC. | |
| Summary, etc | The information security industry is undergoing a major change, forced by the rise of end-to-end encryption, encryption that cannot be intercepted, transport protocol stack evolution, "zero trust networks", and distributed computing. While we understand the logical connections between these trends, there is little analysis of all of these trends in combination. Examination of all five trends uncovers opportunities that not only improve the state of information security and the general posture, but also lead to resource reductions necessary for information security to be sustainable.<br/>In this exciting new book from security expert Kathleen M. Moriarty, the examination of all five trends uncovers opportunities to change the state of information security. Providing a unique perspective from the center of the debates on end-to-end encryption, Moriarty explores emerging trends in both information security and transport protocol evolution, going beyond simply pointing out today's problems to providing solutions for the future of our product space |
| 650 ## - SUBJECT ADDED ENTRY--TOPICAL TERM | |
| Topical Term | Information networks--Security measures |
| 650 ## - SUBJECT ADDED ENTRY--TOPICAL TERM | |
| Topical Term | Information resources management |
| 650 ## - SUBJECT ADDED ENTRY--TOPICAL TERM | |
| Topical Term | Information technology--Management |
| 942 ## - ADDED ENTRY ELEMENTS (KOHA) | |
| Source of classification or shelving scheme | Dewey Decimal Classification |
| Koha item type | Books |
| Withdrawn status | Lost status | Damaged status | Not for loan | Home library | Current library | Date acquired | Source of acquisition | Cost, normal purchase price | Bill Date | Full call number | Accession Number | Cost, replacement price | Price effective from | Koha item type |
|---|---|---|---|---|---|---|---|---|---|---|---|---|---|---|
| NASSDOC Library | NASSDOC Library | 12/04/2021 | Overseas Press India Private Limited | 2806.16 | 2021-03-08 | 005.8 MOR-T | 51461 | 4008.80 | 12/04/2021 | Books |
